Swamy's Compilation of CCS Conduct Rules (Record no. 35859)

MARC details
000 -LEADER
fixed length control field 01094nam a22001937a 4500
003 - CONTROL NUMBER IDENTIFIER
control field NITTTR
005 - DATE AND TIME OF LATEST TRANSACTION
control field 20260227123613.0
008 - FIXED-LENGTH DATA ELEMENTS--GENERAL INFORMATION
fixed length control field 260227b |||||||| |||| 00| 0 eng d
020 ## - INTERNATIONAL STANDARD BOOK NUMBER
International Standard Book Number C-9
040 ## - CATALOGING SOURCE
Language of cataloging English
Transcribing agency IN-NITTTR
082 ## - DEWEY DECIMAL CLASSIFICATION NUMBER
Edition information Forty-Seventh
Classification number 348.54025
Item number M983S
100 ## - MAIN ENTRY--PERSONAL NAME
Personal name Muthuswamy Sanjeev and Brinda
Dates associated with a name 2017
245 ## - TITLE STATEMENT
Title Swamy's Compilation of CCS Conduct Rules
Medium English
250 ## - EDITION STATEMENT
Edition statement Forty-Seventh
260 ## - PUBLICATION, DISTRIBUTION, ETC.
Place of publication, distribution, etc. New Delhi, India
Name of publisher, distributor, etc. Swamy Publishers (P) Ltd.
Date of publication, distribution, etc. 1 January 2017
300 ## - PHYSICAL DESCRIPTION
Extent xviii, 262 p.
Dimensions 24 x 18 x 1 cm
Type of unit Volume
650 ## - SUBJECT ADDED ENTRY--TOPICAL TERM
Topical term or geographic name entry element Government servants' Conduct Rules with orders and decisions issued thereunder, Government's orders on: Prohibition of sexual harassment of working women; Employment of children below 14 years of age, Delegations to Competent Authorities, The Prevention of Corruption Act, 1988, Forms regarding the return of movable and immovable properties, A subject-wise reference index, etc. , An up-to-date, elegant, and handy book of reference, A sacred book of religion for every Government servant
Geographic subdivision India
942 ## - ADDED ENTRY ELEMENTS (KOHA)
Source of classification or shelving scheme Dewey Decimal Classification
Koha item type Reference
Edition Forty-Seventh
Suppress in OPAC Yes
Holdings
Withdrawn status Lost status Source of classification or shelving scheme Damaged status Not for loan Collection Home library Current library Date acquired Total checkouts Full call number Barcode Date last seen Price effective from Koha item type
    Dewey Decimal Classification     Reference National Institute of Technical Teachers Training & Research National Institute of Technical Teachers Training & Research 02/27/2026   348.54025 M983S 50178 02/27/2026 02/27/2026 Reference